| 000 | 00446nam a22001697a 4500 | ||
|---|---|---|---|
| 005 | 20180312173121.0 | ||
| 008 | 160428b xxu||||| |||| 00| 0 eng d | ||
| 020 | _a0-07-462239-0 | ||
| 041 | _aeng | ||
| 082 |
_b00613 _a005.74 |
||
| 100 |
_aMajumdar, Arun and bhattacharya _94133 |
||
| 245 | _aDatabase Management System | ||
| 260 |
_aNew Delhi _bTata MC Graw Hill, _c1996 |
||
| 300 | _a475 | ||
| 650 |
_aInformation Technology _9137 |
||
| 942 | _cBK | ||
| 999 |
_c175 _d175 |
||